000 00679nam a2200289Ia 4500
005 20260324133039.0
008 008 260324s9999 xx 000 0 eng d
020 _a9781315828411
037 _aEBOOK
040 _aCRL
040 _beng
040 _cCRL
041 _2eng
041 _aeng
084 _qCRL
100 _aCharles Mills
_91191577
245 4 _aThe History of Chivalry or Knighthood and Its Times
245 0 _bVolume II
260 _bTaylor and Francis
260 _c2004
365 _a
365 _b300
856 _uhttp://www.taylorfrancis.com/books/9781315828411
942 _cEBOOK
999 _c1790283
_d1790283